| Поле | Название | Значение |
| |
Тип записи |
a |
| |
Библиографический уровень |
m |
| 001 |
Контрольный номер |
RU/IS/BASE/532532078 |
| 005 |
Дата корректировки |
20201206205024.5 |
| 010 |
Индекс ISBN |
__ |
| a |
ISBN |
978-5-699-67143-4 (в обл.) |
| d |
Цена |
304-70 |
| 100 |
Данные общей обработки |
__ |
| a |
Данные общей обработки |
19161115d2014||||||| 1engy0189 ca |
| 101 |
Язык документа |
1_ |
| a |
Язык текста |
eng |
| a |
Язык текста |
rus |
| 102 |
Страна публикации |
__ |
| a |
Страна публикации |
ru| |
| 105 |
Кодированные данные (монография) |
__ |
| a |
Кодированные данные (монография) |
#|||#|||000zy |
| 200 |
Заглавие и сведения об ответственности |
1_ |
| a |
Заглавие |
Краткая нескучная английская грамматика |
| f |
Первые сведения об ответственности |
Олег Дьяконов |
| b |
Общее обозначение материала |
Текст |
| 210 |
Выходные данные |
__ |
| a |
Место издания |
Москва |
| c |
Издательство |
ЭКСМО |
| d |
Дата издания |
2014 |
| 215 |
Физическое описание |
__ |
| a |
Объем |
188, [1] с. |
| d |
Формат |
21 см |
| 225 |
Серия |
__ |
| a |
Серия |
Язык без репетитора |
| 300 |
Общие примечания |
__ |
| a |
Общие примечания |
3000 экз. |
| 330 |
Аннотация |
__ |
| a |
Аннотация |
Это учебное пособие включает в себя ответы на вопросы, наиболее часто возникающие у начинающих изучать английский язык: как выбрать нужное слово, как образовать грамматическую форму и как правильно ее употребить, что надо знать об исключениях в английском языке и где уместно употребить то или иное устойчивое выражение. Объяснения даны живым, образным языком, забавные примеры и яркие образы способствуют лучшему усвоению материала. Пособие предназначено для широкого круга лиц, начинающих изучать английский язык. Оно станет незаменимым справочным изданием для старших школьников и студентов, для тех, кто учит язык самостоятельно или с преподавателем. |
| 606 |
Тематические рубрики |
__ |
| a |
Основная рубрика |
Языкознание |
| 606 |
Тематические рубрики |
__ |
| a |
Основная рубрика |
Германские языки |
| 610 |
Ключевые слова |
__ |
| a |
Ключевые слова |
английская грамматика |
| a |
Ключевые слова |
английский для детей |
| a |
Ключевые слова |
английский язык |
| a |
Ключевые слова |
грамматика английского языка |
| a |
Ключевые слова |
изучение английского языка |
| a |
Ключевые слова |
изучение иностранных языков |
| a |
Ключевые слова |
изучение языков |
| a |
Ключевые слова |
иностранные языки |
| a |
Ключевые слова |
обучение английскому языку |
| a |
Ключевые слова |
обучение иностранным языкам |
| a |
Ключевые слова |
обучение языкам |
| 686 |
Индексы других классификаций |
__ |
| 2 |
Код системы |
rubbks |
| a |
Классификационный индекс |
81.432.1-2я7; ст81.2Англ-2я7 |
| 700 |
Автор |
_1 |
| a |
Фамилия |
Дьяконов |
| b |
Имя |
О. В. |
| g |
Полное личное имя |
Олег Викторович |
| 4 |
Код отношения |
070 |
| 801 |
Источник записи |
_0 |
| a |
Страна |
ru |
| b |
Организация |
Муниципальное бюджетное учреждение культуры "Централизованная библиотечная система" г. Сургут (Центральная городская библиотека им. А. С. Пушкина) |
| c |
Дата составления |
20161115 |
| g |
Правила каталогизации |
КиК/Лукашук |
| 801 |
Источник записи |
_1 |
| a |
Страна |
ru |
| b |
Организация |
Муниципальное бюджетное учреждение культуры "Централизованная библиотечная система" г. Сургут (Центральная городская библиотека им. А. С. Пушкина) |
| c |
Дата составления |
20161115 |
| g |
Правила каталогизации |
КиК/Лукашук |
| 852 |
Данные о местонахождении |
__ |
| j |
Шифр хранения |
81.432.1-2я7 |
| i |
Авторский знак |
Д 93 |
| 901 |
Тип документа |
__ |
| t |
Тип документа |
m |
| 903 |
Характеристики (МАРС) |
__ |
| a |
Дата передачи |
20161115 |
| 969 |
Тип издания |
__ |
| a |
Тип издания |
учебное пособие |
| 990 |
Данные о заказе (DOS) |
__ |
| j |
Количество экземпляров (DOS) |
3 |
| t |
N записи в КСУ для И/У (DOS) |
201611 |